MDQL
is popping MORE tags! Check the
thread
!
Quizzes
Events
Quiz Creation
Community
Videos
Private Events
Remove Ads
Sign In
Join for FREE
Feedback
Dark Mode
Quiz Categories
Sports
Geography
Music
Movies
Television
Just For Fun
Miscellaneous
History
Literature
Language
Science
Gaming
Entertainment
Religion
Holiday
For Kids
Quiz Lab
Recent
Popular Today
Quiz Kudos Today
Editor Picks
Curator Picks
Quizzes by...
Day
Popularity
Type
Ratings
Length
Year
Community
Subscriptions
Recent Discussions
Orange Saloon
Badges
Playlists
Quests
Create
Leaderboards
Showdown
Live 5
Trivia Bingo
Activity
Puzzle Library
Sporcle Events
Private Events
Virtual Trivia
Globe League
Become a Host
Pub Owners
SporcleCon
Opinionation
Our Games
Videos
Blog
Mobile Apps
Partnerships
Remove Ads and Go Orange
Feedback
Gaming
Video Games
Board Games
Card Games
Pokémon
Mario
Nintendo
Minecraft
Console
Toys
Legend of Zelda
Gaming
Video Games
Board Games
Card Games
Pokémon
Mario
Nintendo
Minecraft
Console
Toys
Legend of Zelda
Random Quiz
Search Sporcle
×
Quiz Lab
Quiz Lab
Gaming
WWE
Type in answers that appear in a list
Type in answers that appear in a list
Classic
Best Score? Go Orange.
Raw Deal Characters Stats
Can you name the playable characters in WWE Raw Deal?
By
TheUnholyD2
10m
137 Questions
378 Plays
378 Plays
378 Plays
Comments
Comments
Give Quiz Kudos
Give Quiz Kudos
-
- Ratings
hide this ad
Replay
Link that replays current quiz
Next Quiz
Link to next quiz in quiz playlist
You Got
0%
They Got
Avg Score
51%
Avg Friend Score
Upgrade to see
Score Distribution
Jump to the score distribution portion of the page
Score
0/137
Timer
10:00
0
Plays Today
Set
Character
% Correct
Premiere
The Rock
89.7%
Premiere
The Undertaker
87.6%
Premiere
Stone Cold Steve Austin
85.7%
Premiere
Kane
85.4%
Premiere
Triple H
85.2%
It's All About The Game
Two Man Power Trip
82.3%
Backlash
Edge
81.5%
Premiere
Chris Jericho
81%
Backlash
Jeff Hardy
79.9%
Divas Overload
John Cena
79.9%
Backlash
Matt Hardy
79.6%
Backlash
Edge & Christian
79.4%
Backlash
Christian
79.1%
Backlash
D-Von Dudley
76.7%
Mania
Spike Dudley
76.7%
Backlash
Buh-Buh Ray Dudley
75.7%
Summerslam
Trish Stratus
75.4%
Mania
Big Show
74.9%
Fully Loaded
Chris Benoit
74.6%
Fully Loaded
Kurt Angle
74.3%
Premiere
Mankind
73.3%
Armageddon
Randy Orton
73.3%
Summerslam
Hollywood Hulk Hogan
72.2%
Royal Rumble
'Hollywood' Hulk Hogan
72%
Unforgiven
Batista
70.1%
Fully Loaded
Eddie Guerrero
69.6%
Absolute Raw & Ultimate Smackdown
Stephanie McMahon
69.6%
Mania
Lita
69.3%
Summerslam
Ric Flair
69.3%
Insurrextion
Shawn Michaels
69.3%
Lethal Library
Vince McMahon
69.3%
Fully Loaded
X Pac
68.5%
Fully Loaded
Chyna
66.9%
Mania
Booker T
66.7%
Fully Loaded
Road Dogg
65.9%
Velocity
Brock Lesnar
64.8%
Fully Loaded
B. A. Billy Gunn
64.6%
Insurrextion
Team Angle
64%
No Way Out
Chavo Guerrero
64%
Mania
Rob Van Dam
62.2%
Survivor Series
Cactus Jack
62.2%
Divas Overload
Gail Kim and Molly Holly
61.1%
Divas Overload
Goldberg
60.8%
Survivor Series Two
Dude Love
60.6%
Fully Loaded
Rikishi
60.1%
Velocity
Rey Mysterio
60.1%
Set
Character
% Correct
Armageddon
JBL
59.3%
Fully Loaded
Tazz
57.9%
Summerslam
Hall n Nash
57.7%
Divas Overload
Torrie Wilson
56.6%
Velocity
Goldust
55.8%
Mania
William Regal
55.6%
Backlash
Hardy Boyz
55.3%
Backlash
Dudley Boyz
54%
Summerslam
The Hurricane
54%
Great American Bash
Andre the Giant
54%
Insurrextion
Test
53.7%
Prize Card
Junkyard Dog
52.6%
Wrestlemania Tin
Jerry Lawler
50.8%
Absolute Raw & Ultimate Smackdown
Eric Bischoff
50.3%
Unforgiven
'Rowdy' Roddy Piper
50.3%
Armageddon
Shelton Benjamin
50%
It's All About The Game
Brothers of Destruction
48.9%
Velocity
The Game
48.9%
Great American Bash
Mickie James
48.4%
Velocity
Jamie Noble
48.1%
Ruthless Aggression
The People's Team
48.1%
Royal Rumble
Sgt. Slaughter
48.1%
Backlash
Right To Censor
47.6%
Summerslam
Tajiri
47.4%
Royal Rumble
The Home Team
47.1%
Summerslam
Al Snow
46%
Divas Overload
Victoria
45.8%
No Way Out
Carlito
45.2%
Insurrextion
Rhyno
45%
Velocity
The People's Champion
44.7%
Divas Overload
Sable
44.7%
Insurrextion
Big Poppa Pump
44.4%
Promo Card
DX
44.2%
Velocity
Big Freak'n Machine
43.7%
Ruthless Aggression
The Dangerous Alliance
43.7%
Survivor Series
Deadman Inc
43.4%
Great American Bash
Lashley
43.4%
Insurrextion
The Rattlesnake
42.9%
Mania
Raven
42.3%
Divas Overload
Stacy Kiebler
42.3%
Armageddon
The Babe Of The Year
42.3%
Vengeance
Paul Heyman
41.5%
Armageddon
The Phenom
41%
Mania
APA
40.7%
Divas Overload
Nidia
40.7%
Vengeance
Evolution
40.2%
Set
Character
% Correct
Armageddon
Eugene
40.2%
Promo Card
Mae Young
40.2%
No Way Out
The Million Dollar Man Ted DiBiase
39.9%
Unforgiven
Theodore Long
39.7%
Armageddon
Shane O'Mac
39.4%
Great American Bash
Ken Kennedy
39.4%
Summerslam Tin
The Fabulous Moolah
38.9%
Summerslam
Billy and Chuck
38.4%
Insurrextion
The Crippler
38.4%
Vengeance
The Leader Of The Edge Army
38.4%
Unforgiven
The Leader Of The Peepulation
38.1%
Promo Card
Chris Masters
38.1%
Unforgiven
The Immortal One
36.5%
Armageddon
Rene Dupree
36.2%
Great American Bash
The Spirit Squad
36.2%
Velocity
Three Minute Warning
35.7%
Vengeance
The Highlight Of The Night
35.7%
Great American Bash
The Boogeyman
35.4%
Royal Rumble
The Heat Seekers
34.7%
Insurrextion
Los Guerreros
34.4%
Vengeance
Your Freaking Hero
34.1%
Great American Bash
Johnny
34.1%
Prize Card
Doink
34.1%
Great American Bash
Mikey
33.9%
No Way Out
Jake the Snake
33.6%
Great American Bash
Kenny
33.6%
Great American Bash
Nicky
33.6%
Vengeance
The Mystery Wrestler
33.1%
Prize Card
Bobby Heenan
32.8%
Unforgiven
The Hurri-friends
32.5%
Unforgiven
Christy
32%
Unforgiven
Gene Snitsky
32%
Vengeance
A-Train
31.7%
Unforgiven
MNM
31.2%
No Way Out
The Bookerman
31.2%
No Way Out
X-treme Diva
31%
Great American Bash
Mr. Pay Per View
31%
Great American Bash
Mitch
31%
No Way Out
Viscera
30.4%
No Way Out
The Largest Athlete In Sports Entertainment
29.9%
Unforgiven
Heidenreich
29.1%
No Way Out
Funaki
28%
Vengeance
FBI
25.7%
No Way Out
The Mexicools
25.7%
Great American Bash
The Ultimate Survivor
24.9%
Quiz Playlist
Details
Report
Send in Message
Add To Playlist
Classic:
Type in answers that appear in a list
Last Updated: Feb 16, 2017
Quiz Scoreboard
CHALLENGE
Sign Up to Join the Scoreboard
Show All
Scores
Hide
Comments
May contain spoilers
Recently Published
Image Sorting: Flags VI
by Barbecue
Geography
2m
Find the 'City' Movie
by crazypaving
Movies
60s
Colored Red Africa Blitz
by spor1
Geography
45s
More to Explore
Quiz From the Vault
Featured Blog Post
14 Easter Pick-up Lines to Find Eggs With
hide this ad
You Might Also Like...
Tags
WWE Quiz
Character
deal
Playable
Raw
Wrestling
Wrestling Figures
Today's Top Quizzes in Gaming
Browse Gaming
hide this ad
Today's Top Quizzes in WWE
Browse WWE
Top Contributed Quizzes in Gaming
1
League of Legends Pro Players by Career/Team History
2
Destiny 2 exotic weapons by perk icons
3
Genshin murder mystery
4
Dead By Daylight Logic Puzzle
5
Genshin Impact Logic Puzzle
6
Overwatch Logic Puzzle
7
4x4 Decades: Video Games
8
Who's on the WWE 2K24 Cover?
9
Overwatch 2: Ultimate Ability Icons
10
Valorant Agent Developer Names (Up to Clove)
Explore More
Trending Topics
NBA
Anime
Kpop
Crossword
Harry Potter
Disney
Marvel
Pokémon
Soccer
Country
Song
NFL
Puzzle
WWE
The Office
hide this ad
More By:
TheUnholyD2
Quiz
Plays
Rating
Category
Featured
Created
Raw Deal Characters
378
4.00
Gaming
Oct 6, 2009
Go to Creator's Profile
Score Distribution
Quiz Creator Spotlight
TheUnholyD2
Follow
Send a Message
Quizzes Created
-
Created Quiz Play Count
-
More By This Creator
Popular Quizzes Today
1
Colored Red Africa Blitz
2
Find the US States - No Outlines Minefield
3
Find the 'City' Movie
4
5x2 Blitz: Bands
5
The Countries of the World
6
Find the US States
7
Find the Countries of Europe - No Outlines Minefield
8
US States
More Gaming Quizzes
10 to 1: Stardew Valley II
Quiz Lab
Trending Quizzes
Colored Red Europe Blitz I
Colored Red Europe Blitz II
Colored Red Africa Blitz II
Colored Red Europe Blitz III
Colored Red Africa Blitz III
Recently Updated
How Do You Spell That?
pecheneg
Godzilla Movies
pecheneg
Grab Bag: 4-10 Letters
pecheneg
2024 March Madness Bracket
pecheneg
Famous TV Couples
Peacemaker
Champions League XIs: Real Madrid
pecheneg
Largest US Cities 1790-2010
pecheneg
Rides in Walt Disney World
pecheneg
Most Oscar Losses (Acting)
pecheneg
Beyoncé Albums
pecheneg
Trending Topics
Marvel
Harry Potter
Kpop
Crossword
NBA
Anime
Disney
Puzzle
WWE
The Office
NFL
Pokémon
Country
Song
Soccer
Your Account Isn't Verified!
In order to create a playlist on Sporcle, you need to verify the email address you used during registration. Go to your
Sporcle Settings
to finish the process.
Report this User
Report this user for behavior that violates our
Community Guidelines
.
Details:
Send Report
Go to the Sporcle.com Mobile Site →
Comments